La práctica de la cromatografía de gases /

Guardado en:
Autor Principal: Rowland, F. W.
Formato: Libro
Idioma:Spanish
English
Publicado: Palo Alto, California : Hewlett-Packard, 1977.
Materias:
Etiquetas: Agregar Etiqueta
Sin Etiquetas, Sea el primero en etiquetar este registro!
LEADER 00710nam a22001935a 4500
001 EIQ.libpla000881
008 060612s1977####caua#####b####000#0#spa#d
005 20060612175059.0
245 1 0 |a La práctica de la cromatografía de gases /  |c [F. W. Rowland]. 
260 |a Palo Alto, California :  |b Hewlett-Packard,  |c 1977. 
300 |a 129 p. en varias paginaciones :  |b il. ;  |c 29 cm. 
500 |a Traducción de: "The practice of gas chromatography". 
504 |a Incluye referencias bibliográficas. 
100 1 |a Rowland, F. W.  |q (Fred W.) 
650 4 |a Gases  |x Cromatografía. 
650 4 |a Gas  |x Cromatography. 
040 |a AR-BbSID  |b spa  |c AR-BbSID 
041 1 |a spa  |h eng 
859 |a AR-BbSID  |b BIB. PLAPIQUI  |h 544.92  |i R 796  |p 3204